00351nam a2200145Ia 4500008004100000020001500041041001200056082001600068100001700084245003000101260003600131300000800167650001400175700001600189221030s9999 xx 000 0 und d a9971511754 aEnglish a105.23bCot aF. A. Cotton 0aBasic Inorganic Chemistry bJohn Wiley & SonsaMumbaic1995 a838 aChemistry aG. Geoffrey